| 000 | 00797nam a2200277Ia 4500 | ||
|---|---|---|---|
| 001 | Para_1660 | ||
| 003 | CHAP | ||
| 008 | 220125s1992 xx 000 0 und d | ||
| 010 | _a204562 | ||
| 040 | _cCHAP | ||
| 082 | _aPA 635.923 D3 | ||
| 100 |
_aDaughtey, Margery L. _9170489 |
||
| 245 |
_aBall field guide : _b Tidiseases of greenhouse omomentals / _c by Margery L. Daughtey and A.R. Chose |
||
| 260 |
_aBatoria, IM. : _b Ball |
||
| 300 | _a218 p. | ||
| 650 |
_aCultivos en invernadero _930376 |
||
| 650 |
_aPlantas ornamentales _x enfermedades _989062 |
||
| 700 |
_aChose, A.R. _9170490 |
||
| 901 | _aPA 635.923 D3 | ||
| 902 | _aA | ||
| 905 | _a0000001992 a 0000000000 00 | ||
| 910 | _a1992 | ||
| 942 | _cPARA | ||
| 942 |
_cPARA _d1 |
||
| 999 |
_c204562 _d204562 |
||